Estadísticas para Banderas de Países que Contienen Solamente Rojo, Blanco y Azul

Haz click aquí para tomar la prueba!

Estadísticas generales

  • Esta prueba ha sido tomada 1,637 veces
  • La puntuación promedio es 15 de 22

Estadísticas de respuestas

Bandera País % Correcto
Estados Unidos
99%
Reino Unido
96%
Australia
89%
Francia
86%
Chile
85%
Cuba
82%
Rusia
78%
Países Bajos
74%
Corea del Norte
70%
Noruega
69%
Nueva Zelanda
69%
Islandia
69%
Panamá
68%
República Checa
68%
Nepal
61%
Eslovaquia
58%
Luxemburgo
56%
Tailandia
53%
Laos
48%
Taiwán
47%
Liberia
43%
Samoa
37%

Distribución de puntuación

Porcentaje por número respondido

Porcentaje de gente con cada puntuación

Historial de tus puntuaciones

No has tomado esta prueba